000 004660000a22001210004500
082 0 4 _aAV 0406
110 1 _aCentro de Estudios del Hábitat Popular - CEHAP, Universidad Nacional de Colombia - Sede Medellín, Fundación FORHUM, Ecofondo
245 1 0 _aPropuestas para el uso y apropiación del espacio / Yonaira Laínez Parra, David Santiago Tamayo R., Elkin Ramiro Osorio V.
300 _a38 Pág.
500 _aSerie Pedagogía - CEHAP
001 14896
942 _cBK
999 _c43715
_d43715